Kishaf istelahat kutab khana/ (Record no. 98060)
[ view plain ]
| 000 -LEADER | |
|---|---|
| fixed length control field | 00390nam a22001337a 4500 |
| 005 - DATE AND TIME OF LATEST TRANSACTION | |
| control field | 20170911124804.0 |
| 008 - FIXED-LENGTH DATA ELEMENTS--GENERAL INFORMATION | |
| fixed length control field | 170911b xxu||||| |||| 00| 0 eng d |
| 040 ## - CATALOGING SOURCE | |
| Transcribing agency | PK-LaUMT |
| 082 ## - DEWEY DECIMAL CLASSIFICATION NUMBER | |
| Classification number | PKAC 020.3 |
| Item number | KIS- |
| 245 ## - TITLE STATEMENT | |
| Title | Kishaf istelahat kutab khana/ |
| Statement of responsibility, etc | Mehmood ul Hassan (Compiler) |
| 260 ## - PUBLICATION, DISTRIBUTION, ETC. (IMPRINT) | |
| Place of publication, distribution, etc | اسلام آباد: |
| Name of publisher, distributor, etc | مقتدرہ قومی زبان، |
| Date of publication, distribution, etc | 1985 |
| 300 ## - PHYSICAL DESCRIPTION | |
| Extent | 277 ص |
| 942 ## - ADDED ENTRY ELEMENTS (KOHA) | |
| Koha item type | Books |
| Withdrawn status | Lost status | Damaged status | Home library | Current library | Date acquired | Full call number | Barcode | Date last seen | Price effective from | Koha item type |
|---|---|---|---|---|---|---|---|---|---|---|
| UMT Main Campus | UMT Main Campus | 2017-09-11 | PKAC 020.3 KIS- | 113691 | 2017-09-11 | 2017-09-11 | Books |
